[Event "Belgrade Investbank"]
[Site "Belgrade"]
[Date "1995.??.??"]
[Round "11"]
[White "Gelfand, Boris"]
[Black "Lautier, Joel"]
[Result "1-0"]
[WhiteElo "2685"]
[BlackElo "2645"]
[Annotator "Gelfand,B"]
[PlyCount "163"]
[EventDate "1995.11.??"]
[EventType "tourn"]
[EventRounds "11"]
[EventCountry "YUG"]
[EventCategory "17"]
[SourceTitle "CBM 051"]
[Source "ChessBase"]
[SourceDate "1996.04.01"]
[SourceVersion "1"]
[SourceVersionDate "1996.04.01"]
[SourceQuality "1"]

1. d4 d5 2. c4 dxc4 3. e3 Nf6 4. Bxc4 e6 5. Nf3 c5 6. O-O a6 7. Bd3 Nbd7 8. Re1
Be7 9. e4 cxd4 10. e5 Nd5 11. Bc4 Nc5 12. Nxd4 O-O 13. b3 $5 $146 (13. a3 {
Gelfand,B - Salov,V, Dos Hermanas 1995}) 13... Qd7 14. Bxd5 $5 Qxd5 15. Nc3 Qd8
(15... Qd7 $2 16. b4 $1 $18) 16. Be3 (16. Bf4 Qa5 17. Re3 (17. Qc2 Rd8 (17...
Bd7 18. a3) 18. Rad1 Bd7) 17... Rd8) 16... Qa5 (16... Nd7 17. Bf4 $5 {/\Re3})
17. Qc2 (17. Qd2 Nd7 18. f4 Bb4 19. Rec1 Nb6 $10) (17. b4 $5 Qxb4 18. Nf5 Bd8
$1 $8 (18... Nd7 19. a3 Qxc3 20. Nxe7+ Kh8 21. Rc1 $18) (18... exf5 19. Nd5 Qa5
20. Nxe7+ Kh8 21. Qd5 $18) 19. Rb1 $1 (19. Rc1 exf5 20. Nd5 Qa4) (19. Qd6 Qxc3
(19... b6 $2 20. Nh6+ gxh6 21. Bxh6 Re8 22. Re4 $18) 20. Bxc5 (20. Rac1 Qd3 21.
Bxc5 Qxd6 22. Nxd6 Be7 $10) 20... Re8 21. Rac1 Qa5 22. Bb4 Qd5) (19. Nh6+ $6
gxh6 20. Bxh6 Qh4 21. Bxf8 Kxf8 22. Re3 Bd7) 19... Qxc3 (19... Qc4 20. Nh6+ $5
gxh6 21. Bxh6 Qh4 22. Bxf8 Kxf8 23. Rb4 $1 Qxb4 (23... Qg5 24. Rg4 Qe7 25. Qd2)
24. Qxd8+ Kg7 25. Re3 $18) (19... Qa5 20. Nh6+ Kh8 (20... gxh6 21. Bxh6 f5 22.
Re3 (22. Bxf8 Kxf8 23. Re3 Qc7) (22. exf6 Rxf6 (22... Bxf6 23. Qg4+ Kf7 24.
Qh5+ Kg8 25. Ne4)) 22... Rf7 23. Rg3+ Kh8 24. Qh5 Qc7 25. Bg7+ $1 Kg8 (25...
Rxg7 26. Qe8+) 26. Bf6+ $18) 21. Bxc5 Qxc5 22. Nxf7+ Rxf7 (22... Kg8 23. Ne4)
23. Qxd8+ Rf8 24. Qd2 b5 25. a4 $1 $14) 20. Rc1 Qxe1+ $5 (20... Qd3 21. Bxc5
Qxd1 22. Rexd1 exf5 23. Bxf8 Be6 24. Bb4 (24. Ba3 Bxa2 25. Rd7 b5 26. Rcd1 Ba5)
24... Bxa2 25. Rd7 a5 26. Ba3 (26. Rcd1 Bb6 27. Rxb7 axb4 (27... Bxf2+ 28. Kxf2
axb4 29. Ra7 $1) 28. Rxb6) 26... b5 27. Rcd1 Bb6 28. Rb7 b4 29. Bxb4 $16) (
20... Qxe5 21. Bxc5 (21. Rxc5 Qf6 (21... Qb8 22. Nh6+ gxh6 23. Bxh6 $18) 22.
Bd4 e5 23. Bxe5 Qxf5 24. Bd6 Qf6 (24... Qg6 25. Bxf8 Bh3 26. Qf3 Bxg2 27. Qxg2
Qxg2+ 28. Kxg2 Kxf8 29. Rd5 $16) 25. Bxf8 Kxf8 26. Rxc8 $2 Rxc8 27. Qd7 Qe6 $1)
21... Qxf5 22. Bxf8 Bb6 23. Re2 $1 $16 (23. Bc5 Bxc5 24. Qd8+ Bf8 25. Rxc8 Rxc8
26. Qxc8 $16)) (20... Qxc1 $5 21. Qxc1 (21. Nh6+ gxh6 22. Qg4+ Kh8 23. Rxc1 b6
$17) 21... exf5 (21... Nd3 22. Nh6+ $1 gxh6 (22... Kh8 23. Qd1 Nxe5 24. Bc5 $18
) 23. Qd1 Nxe5 (23... Nxe1 24. Bxh6 $18) 24. Bxh6) 22. Bxc5 Re8 23. Bd6 Be6 $14
24. Qb2 b5 25. Re3 Rc8 $132) 21. Qxe1 Nd3 (21... exf5 22. Bxc5 Re8 $14) 22.
Nh6+ (22. Qd1 exf5 (22... Nxc1 23. Nh6+ gxh6 (23... Kh8 24. Nxf7+ Kg8 25. Nxd8
Nxa2 26. Bc5 Re8 27. Bb6) 24. Bxh6 f5 25. Bxf8 $18) (22... Nxe5 23. Bc5) 23.
Qxd3 Be6 $14) 22... gxh6 23. Qd1 (23. Qe2 Nxc1 (23... Nxe5 24. Bxh6) 24. Qg4+
Kh8 (24... Bg5 $10) 25. Bxh6 Rg8 $13) 23... Nxe5 (23... Nxc1 24. Bxh6) 24. Bxh6
Re8 25. Qd4 f6 (25... Bf6 26. Qf4 Bh8 27. Rc7) 26. Rc3 (26. h4 Kh8 $1 (26...
Kf7 27. h5 Rg8 28. Qe4)) 26... Kf7 27. Rg3 Ng6 28. h4 Bc7 (28... e5 29. Qd5+
Be6 30. Qxb7+ Be7 31. h5) 29. f4 (29. h5 Bxg3 30. hxg6+ Kxg6 31. Be3 e5 $17)
29... Rd8 30. Qc5 Rd1+ (30... Bd6 31. Qb6) 31. Kh2 Bd6 32. Qb6 Rd5) 17... Nd7
18. Bf4 (18. f4 Bb4) 18... Rd8 $1 19. a3 Qc5 (19... Nf8 $2 20. b4 Qb6 (20...
Qc7 21. Nd5 Qd7 22. Nb6 Qxd4 23. Be3 $18) 21. Be3 $1 Rxd4 $140 22. Ne2) 20.
Red1 Nf8 (20... Nb6 21. Qd2 Bd7 22. Ne4 Qd5 23. Qe3 Bc6 24. f3) (20... Nxe5 $2
21. b4 Qc7 22. Nd5 $18) 21. Qd2 b5 (21... Ng6 $5 22. Bg3 (22. b4 Qa7 (22... Qc4
23. Na4 $1) 23. Be3 Qb8 (23... Nxe5 24. Nf5 Rxd2 25. Nxe7+ Kf8 26. Rxd2 $1 Qb8
27. Bc5 $18) 24. f4 b5 $10) 22... Bd7 23. Ne4 Qb6 $10) 22. Ne4 (22. b4 Qb6 $5 (
22... Qc4 23. Rac1 (23. Ne4 Bb7)) 23. Be3 Qb7 24. Qc2 Ng6 25. f4 Bd7) 22... Qd5
(22... Qb6 23. Qe3 (23. Bg5 Bxg5 24. Qxg5 Rxd4 25. Nf6+ Kh8 26. Nh5 Ng6 27. Qe3
Rxd1+ 28. Rxd1 Qc7) 23... Kh8 (23... Qb7 24. Bg5) 24. Ng5 Bxg5 25. Bxg5 Rd7 26.
Bf6 $1 $40) 23. Bg5 $1 Ng6 (23... Bxg5 24. Qxg5 Ng6) (23... Qxe4 24. Bxe7 Rd5
25. f3 $5 (25. Bd6 Ng6 26. f3 Qh4 27. Rac1 Nf4 $13) 25... Qxe5 26. Bxf8 Kxf8
27. Qb4+ Kg8 (27... Qd6 28. Nxe6+ $1 $18) 28. Nc6 Qe3+ 29. Kh1 Bb7 $1 (29...
Rxd1+ 30. Rxd1 Bd7 31. Qe7) (29... Rd7 30. Qe7 $1) 30. Ne7+ Kh8 31. Nxd5 Bxd5
32. Rab1 $1 (32. a4 Qxb3 (32... Bxf3 33. Re1 (33. gxf3 Qxf3+ 34. Kg1 Qe3+ 35.
Kg2 Qe2+ 36. Kg3 Qe3+ $10) 33... Qf2 34. gxf3 Qxf3+ 35. Kg1 $18)) 32... Rc8 33.
Qe1 $16) 24. Bxe7 Nxe7 25. Qg5 Ng6 (25... Qxe4 26. Nf5 $1 (26. Qxe7 Rf8 (26...
Bb7 27. Nc6 $1 Rdb8 28. Rd7) (26... Qd5 $5))) 26. Nc3 (26. Nd6 $2 Rxd6 $1)
26... h6 27. Qxg6 (27. Nxd5 hxg5 28. Nb6 Rb8 29. Nc6 Rxd1+ 30. Rxd1 Rxb6 31.
Rd8+ Kh7 32. Rxc8 Rb7 33. g3 g4 $10) 27... fxg6 28. Nxd5 Rxd5 29. Nc6 Rc5 (
29... Rxd1+ 30. Rxd1 Bb7 31. Rd6) 30. Rac1 Rxc1 31. Rxc1 Bb7 (31... Bd7 32. Nd4
Kf7 33. Rc7 Ke8 34. Nc6 $14) 32. Ne7+ Kh7 33. Rc7 Rd8 (33... Be4 34. f3 $1 (34.
Nc8 Bd5 35. b4 a5 36. Nb6 Ra6 37. Nxd5 exd5 $10)) 34. f3 Rd1+ $6 (34... Bd5 $5
35. Nc6 (35. Nxd5 Rxd5 36. Rc6 Rxe5 37. Rxa6 Re1+ 38. Kf2 Ra1 $10) 35... Rf8
$10) 35. Kf2 Bd5 36. Nxd5 Rxd5 37. Rc6 Rxe5 $2 $138 (37... a5 38. Rxe6 Rd3 39.
Rd6 Rxb3 40. e6 Rb2+ 41. Ke3 Rb1 42. Ke4 $16) (37... Rd3 38. Rxe6 Rxb3 39. Rxa6
g5 40. h4 Rb2+ $1 $10 (40... gxh4 41. f4 Rb2+ 42. Kf3 Rb3+ $13)) 38. Rxa6 g5
39. Ra5 Rc5 40. Kg3 $18 g4 41. Kxg4 (41. a4 gxf3 42. Rxb5 fxg2 43. Kxg2 Rc2+
$132) 41... Rg5+ 42. Kh3 Rh5+ 43. Kg3 Rg5+ 44. Kf2 Rh5 45. Kg3 Rg5+ 46. Kf2 Rc5
47. h4 $1 Rc2+ 48. Kg3 Ra2 49. h5 Kg8 50. Kf4 Kf7 (50... b4 51. axb4 Rxg2 (
51... Rb2 $5 52. Ra3 (52. Rc5 $1 Rxb3 53. b5 $16) 52... Rxg2 53. Ke5 $5) 52.
Rc5) 51. g4 Kf6 52. Ke4 Ra1 53. f4 (53. Rxb5 $5 Rxa3 54. f4 Ra7 55. g5+ Kf7 56.
b4) 53... Re1+ 54. Kf3 Rf1+ 55. Ke3 Re1+ 56. Kf2 Ra1 57. Rxb5 Rxa3 58. g5+ Ke7
59. Rb7+ Kf8 60. b4 hxg5 (60... Rh3 61. b5 Rxh5 62. b6 Rh2+ 63. Ke3 Rb2 64. g6
Ke8 65. Kd4 Rb1 66. Ke5 Re1+ 67. Kd6 Rd1+ 68. Kxe6 Re1+ 69. Kf5 Rb1 70. Rxg7
$18) 61. fxg5 Rh3 62. b5 Rxh5 63. b6 Rh2+ (63... Rxg5 64. Rc7 $18) 64. Ke3 Rb2
65. g6 Ke8 66. Kd4 Rb1 67. Kc5 Rc1+ 68. Kd6 Rd1+ 69. Kxe6 Re1+ 70. Kd6 Rd1+ 71.
Kc7 Rc1+ 72. Kb8 Rb1 73. Kc8 Rb2 74. Rb8 Ke7 75. Kb7 (75. Kc7 $5 Kf6 76. Rf8+
Kxg6 77. b7 Kh5 78. b8=Q Rxb8 79. Kxb8 g5 80. Kc7 g4 81. Kd6 g3 82. Ke5 (82.
Rg8 Kh4 83. Ke5) 82... Kg4 83. Ke4 $18) 75... Kf6 76. Rc8 Kxg6 77. Rc5 Kh6 (
77... Rf2 78. Ka7 $18) 78. Kc6 g5 79. b7 Rxb7 80. Kxb7 Kh5 81. Kc6 Kg4 82. Kb5
1-0

[Event "FRM-chT Cup"]
[Site "Struga"]
[Date "2005.05.04"]
[Round "1"]
[White "Vasovski, Nikola"]
[Black "Georgiev, Kiril"]
[Result "0-1"]
[WhiteElo "2368"]
[BlackElo "2666"]
[Annotator "Georgiev,Ki"]
[PlyCount "112"]
[EventDate "2005.05.04"]
[EventType "team"]
[EventRounds "5"]
[EventCountry "MKD"]
[SourceTitle "CBM 108"]
[Source "ChessBase"]
[SourceDate "2005.09.26"]
[SourceVersion "1"]
[SourceVersionDate "2005.09.26"]
[SourceQuality "1"]

1. d4 Nf6 2. Nf3 e6 3. c4 d5 4. Nc3 dxc4 5. e3 ({An invitiation to the Vienna
Variation after} 5. e4 Bb4 6. Bg5 {leading to sharp play.}) 5... a6 6. a4 c5 7.
Bxc4 Nc6 8. O-O Be7 9. Qe2 O-O {A typical position for the Queens Gambit
Accepted arised.} 10. Rd1 Qc7 11. b3 b6 12. Bb2 Bb7 13. d5 exd5 14. Nxd5 Nxd5
15. Bxd5 Rae8 $146 {I decided to play this move in order to avoid any
improverment in comarison with my game against Markus.} ({In the game against
Markus I have chosen} 15... Rad8 16. e4 Na5 {(0-1 Markus,R (2472)-Georgiev,K 
(2647)/Jahorina 2003/CBM 094 ext (60)). and after sharp play I eventually won.}
) 16. Qc4 $1 {An excellent move after which my opponent offered a draw.} Bc8 {
Prevents Qg4 weakening Black's King position.} 17. Qf4 $6 ({Better was} 17.
Rac1 {[%cal Gb3b4] with the idea 18.b4} a5 18. Bc3 $16 Bf5 19. Bxc6 Qxc6 20.
Nd4 Qg6 21. Nxf5 Qxf5 22. Rd5 Qe6 23. Rcd1 $16 {White has full control over
the "d" file and his pawn formation is better.}) 17... Qxf4 18. exf4 Nd8 $6 ({
More active is} 18... Nb4 19. Bc4 Be6 20. Bxe6 fxe6 21. g3 {and it is not so
clear if White's minimal advantage is enough for a win.}) 19. Be5 ({Good was
also} 19. Ne5 Ne6 20. g3 Bf6 $14) 19... Be6 20. Bc7 {This move gives Black
important tempo, which will be seen later.} ({Better was} 20. Bxe6 Nxe6 21. f5
Ng5 22. Nxg5 (22. Nd2 f6 23. Bc7 b5 {and Black balances the position.}) 22...
Bxg5 23. Bd6 Be7 24. g3 $14) 20... b5 21. g3 Bxd5 22. Rxd5 Ne6 23. Bd6 ({
Deserves attention} 23. Bb6 Rb8 24. a5 Rfc8 25. Rc1) 23... Rd8 24. Rad1 (24.
Bxe7 Rxd5 25. Bxf8 Kxf8 26. axb5 axb5 $17) 24... Bxd6 25. Rxd6 g6 {An useful
move. It prevents f4-f5 and opens a way out for the Black's King.} 26. Kf1 Rfe8
27. R1d2 (27. Rxd8 {was possible also} Rxd8 28. Rxd8+ Nxd8 29. axb5 axb5 30.
Ke2 {with big chances for a draw in view of the centralised position of
White's King.}) 27... Ra8 28. Rc6 Rec8 29. Rdd6 c4 $1 {The only chance for
creation of passed pawn.} 30. bxc4 $2 ({Necessary was} 30. axb5 axb5 (30...
cxb3 31. bxa6 b2 32. Nd2 Nc5 33. Rxc8+ Rxc8 34. Rb6 Ra8 35. Rxb2 Rxa6 $16) 31.
bxc4 bxc4 32. Rxc8+ Rxc8 33. Ke2 {with probable draw.}) 30... Rxc6 31. Rxc6
bxa4 32. Rb6 Nc5 $1 33. Ne1 Rc8 34. Nc2 a5 35. Rb5 Nb3 36. Na3 Kg7 ({Better was
} 36... Kf8) 37. Rd5 Re8 38. Re5 Rd8 ({In the time trouble Black repeated the
moves. Better is immediate} 38... Kf8) 39. Rd5 Re8 (39... Rxd5 $142 40. cxd5
Kf6 41. Ke2 Ke7 42. Nb5 (42. Kd3 Kd6 43. Kc4 Nd2+ 44. Kd4 Nf3+) 42... a3 43.
Nxa3 Kd6 44. Kd3 Kxd5 $19) 40. Re5 $2 (40. h4 $142) 40... Kf8 41. Ke2 f6 42.
Rxe8+ ({Better is} 42. Re3 {although after} Rd8 {Black should win.}) 42... Kxe8
43. Kd3 Kd7 44. Kc3 Nc5 {White's position is lost either in the pawn or knight
ending.} 45. f3 Kc6 46. Nc2 Ne6 47. Ne3 f5 48. Nd5 Kc5 49. Nf6 Nd4 50. Nxh7
Ne2+ $1 {Black creates matting set around White's King.} 51. Kb2 Kb4 52. Nf6
a3+ 53. Ka2 Nc1+ 54. Ka1 Kb3 $1 55. Nd7 a2 56. Ne5 ({Does not survive} 56. Nc5+
Ka3 {followed by a4 and Nb3.}) 56... Ka3 {[%cal Ce5g6,Gc1b3]} 0-1

[Event "ISR-chT playoff"]
[Site "Tel Aviv"]
[Date "2002.05.09"]
[Round "?"]
[White "Gershon, Alik"]
[Black "Har Zvi, Ronen"]
[Result "1/2-1/2"]
[WhiteElo "2558"]
[BlackElo "2507"]
[Annotator "Gershon,A"]
[PlyCount "64"]
[EventDate "2002.05.??"]
[EventType "team"]
[EventRounds "2"]
[EventCountry "ISR"]
[SourceTitle "CBM 089"]
[Source "ChessBase"]
[SourceDate "2002.08.12"]
[SourceVersion "1"]
[SourceVersionDate "2002.08.12"]
[SourceQuality "1"]

1. d4 d5 2. c4 dxc4 3. e3 Nf6 4. Nf3 e6 5. Bxc4 a6 6. O-O c5 7. Bb3 Nc6 8. Nc3
Be7 9. dxc5 Qxd1 10. Rxd1 Bxc5 11. Bd2 Bd7 12. Rac1 Ba7 13. Be1 Ke7 14. Na4 Ne4
$5 $146 15. Nd2 Nxd2 16. Rxd2 Rhc8 17. Rdd1 $1 {White must avoid exchanging
pieces. This move frees the e1-a5 diagonal for a bishop thus preventing black
from playing the freeing Ne5} (17. Nc5 {is strongly met with:} Ne5 {[%csl Rc1]
and the weakness of a R on c1, and the first rank tell}) (17. Rcd1 Rd8 {
[%cal Gd7e8] exchanging the rooks}) 17... Be8 (17... Ne5 18. Bb4+ Ke8 19. Bd6
$16 {[%cal Ga4c5]}) 18. Nc5 Rab8 (18... Na5 $5 19. Bb4 (19. Bxa5 Bxc5 $11)
19... Nxb3 20. Nxb7+ Kf6 21. Bc3+ $1 Kg6 (21... Rxc3 22. Rxc3 Rb8 23. Rxb3 Ba4
24. Na5 $1 $14) 22. axb3 $14) 19. Ne4 Rd8 20. Rxd8 Rxd8 21. Nc5 Bxc5 (21... Rb8
22. Bd1 $1 $16 {black is too passive}) 22. Rxc5 f6 23. Rc1 $1 {Protecting the
first rank and preparing a B transfer to e2} e5 24. Bd1 Bf7 25. a4 $2 {
throwing away all of the advantage.} ({after} 25. a3 $1 {/\ b4, a4, b5 +/-,
black can only wait and watch white advance,}) 25... a5 $1 26. f3 Nb4 27. Be2
Bb3 28. Bb5 $2 {Missing the last opportunity. Now it's all over.} (28. Rc5 $1 {
Somehow this move has skipped the both players' attention} Bxa4 (28... b6 29.
Rb5 Bd1 (29... Bxa4 30. Rxb6 $16) 30. Bxb4+ axb4 31. Kf1 Rd2 32. Bxd1 Rxd1+ 33.
Ke2 Rg1 34. Rxb4 Rxg2+ 35. Kd3 Rxh2 36. Rxb6 $16) 29. Rxa5 Nc2 30. Bc3 $16)
28... Rd1 29. Rxd1 Bxd1 $11 30. e4 Kd6 31. Kf2 Nc6 32. Bc3 Nd4 (32... Nd4 33.
Bxa5 Nxb5 34. axb5 Ba4 $1 35. b6 $11) 1/2-1/2

[Event "Wch U20"]
[Site "Yerevan"]
[Date "2000.09.30"]
[Round "11"]
[White "Gershon, Alik"]
[Black "Svetushkin, Dmitry"]
[Result "1-0"]
[WhiteElo "2502"]
[BlackElo "2472"]
[Annotator "Gershon,A"]
[PlyCount "49"]
[EventDate "2000.09.02"]
[EventType "swiss"]
[EventRounds "13"]
[EventCountry "ARM"]
[SourceTitle "CBM 078 Extra"]
[Source "ChessBase"]
[SourceDate "2000.11.10"]
[SourceVersion "1"]
[SourceVersionDate "2000.11.10"]
[SourceQuality "1"]

1. d4 d5 2. c4 dxc4 3. e3 e6 4. Nf3 Nf6 5. Bxc4 c5 6. O-O a6 7. Bb3 b5 8. a4 b4
9. Nbd2 Bb7 10. e4 cxd4 11. e5 Nfd7 12. Nc4 Nc5 (12... Nc6 13. Bg5 Qc7 14. Rc1
Bc5 15. Re1 h6 16. Bh4 O-O 17. Qd3 Rfc8 18. Bg3 Nf8 19. Nfd2 $44 {0-1 Gershon,
A-Svetushkin,D/Yerevan 1999/CBM 72 ext (68)}) 13. Bg5 (13. a5 Nc6 14. Bg5 f6
15. exf6 gxf6 16. Nfe5 h5 17. Ba4 Rc8 18. Nb6 Bd6 19. Rc1 Nxa4 20. Nxc6 Rxc6
21. Qxa4 Qc7 22. Bd2 $44 {0-1 Roeder,M-Vilela,J/Havana 1999/CBM 70 ext (29)})
13... f6 (13... Qc7 14. Nxd4 Nxb3 15. Nxb3 h6 {1/2-1/2 Tregubov,P-Sherbakov,R/
Krasnoiarsk 1998/EXT 2000 (15)}) 14. exf6 (14. Bh4 g5 15. Nxd4 h5 16. Re1 Nxb3
17. Nd6+ Bxd6 18. Nxe6 Qb6 19. exd6 Nxa1 20. d7+ Nxd7 21. Nc5+ Kf7 22. Qxd7+
Kg6 23. Qd3+ Kf7 24. Qd7+ Kg6 25. Qd3+ {1/2-1/2 Hegde,R-Ganguly,S/Mumbai IND
2000/The Week in Chess 291 (25)}) (14. Bf4 Nc6 15. Re1 Kf7 16. Rc1 Nxb3 17.
Qxb3 Qd5 18. exf6 gxf6 19. Nd6+ Bxd6 20. Qxd5 exd5 21. Bxd6 $13 {0-1 Pujos,
S-Flear,G/Corsica 1997/EXT 99 (27)}) 14... gxf6 15. Nxd4 $1 $146 {Probably
refuting the line.} (15. Bh4 $6 Nc6 16. Re1 Be7 17. Ba2 O-O 18. Ncd2 Kh8 19.
Bxe6 Ne5 20. Bf5 Ned3 21. Nxd4 Qd5 22. N2f3 Nxe1 23. Qxe1 Bd6 24. Qd2 Be5 25.
Qh6 Rf7 26. Rd1 Rg8 27. Bg3 Bxd4 {0-1 Merino Garcia,R-Adla,D/Zaragoza 1999/EXT
2000 (27)}) (15. Nfe5 h5 (15... fxg5 $4 16. Qh5+ Ke7 17. Qf7#) (15... Qd5 $2
16. Nd6+ $1 (16. Qh5+ $6 Kd8 17. Bxf6+ Kc7 18. f3 Nxb3 19. Qf7+ Nd7 20. Bxh8
$16) 16... Qxd6 17. Qh5+ Ke7 (17... Kd8 18. Nf7+ $18) 18. Bxf6+ $1 Kxf6 19.
Qf7+ Kxe5 (19... Kg5 20. f4+ Kh4 21. g3+ Kh3 22. Qh5#) 20. Rae1+ Be4 21. f4#)
16. Ng6 Qd5 17. Nd6+ Qxd6 18. Nxh8 Nxb3 19. Qxh5+ Kd7 20. Bxf6 Nxa1 $19 {
0-1 Slipak,S-Spangenberg,H/Buenos Aires 1996/CBM 53 (30)}) 15... Qd5 $2 {
Losing by force} (15... h5 {During the game I considered it to be the only move
} 16. Nxe6 $3 {Sacrifising a piece AND going to an endgame, but white's
remaining pieces simply abuse the unprotected black king.} Qxd1 17. Raxd1 {
Black can take 3(!) white pieces with his next move, each has different
refutation} Nxb3 (17... Nxe6 18. Rfe1 fxg5 (18... Kf7 19. Rxe6 $1 Kxe6 20. Nd6+
Kd7 (20... Ke5 $4 21. f4#) (20... Ke7 $2 21. Nf5+ Ke8 22. Bxf6 {/\ Rd8# and Bh8
}) 21. Nf7+ Ke7 22. Be3 $3 Nd7 23. Nxh8 $18) 19. Rxe6+ Kf7 20. Ne5+ Kg7 21.
Rg6+ Kh7 22. Bc2 $18 {A picturesque position!"Quality over quantity"}) (17...
fxg5 18. Nxc5 Bxc5 19. Rfe1+ Kf8 20. Na5 (20. Ne5 Rh6 21. Rd8+ Kg7 22. Nd7
Bxf2+ 23. Kxf2 Nc6 24. Rxa8 Bxa8 25. Re8 Rh8 $8 26. Rxh8 Kxh8 $11) 20... Bc6
21. Rc1 Bd4 22. Nxc6 Bxb2 (22... Nxc6 23. Rxc6 $18) 23. Nxb8 Bxc1 24. Nd7+ $18)
18. Bxf6 Rg8 (18... Rh6 19. Rd8+ Kf7 20. Rxf8+ Kxe6 21. Re1+ Kd5 22. Nb6+ Kd6
23. Nxa8 $18) 19. Ng5 $1 {/\ Rfe1}) (15... fxg5 16. Qh5+ Kd7 17. Nxe6 $1 Nxe6 (
17... Kxe6 18. Rae1+ Be4 (18... Kf6 19. Nd6 $1 $18 {with threats: Qf7,Ne8 and
f4}) 19. Rxe4+ Nxe4 20. Nb6+ Kd6 (20... Ke5 21. f4+ Kd6 22. Rd1+ Kc6 23. Rxd8
Kxb6 24. Kf1 $1 $18) 21. Rd1+ $18) 18. Rfd1+ Kc7 19. Rxd8 Nxd8 20. Qxg5 $18)
16. Nd6+ $1 Qxd6 17. Qh5+ Kd7 (17... Kd8 18. Bxf6+ Be7 19. Bxh8 $18) (17... Ke7
18. Nf5+ $1 {This is what black has probably missed playing 15...Qd5} exf5 19.
Qf7+ Kd8 20. Bxf6+ Kc8 21. Rfd1 {with a decisive attack}) 18. Bxf6 {Restoring
an approximate material equality but the attack continues} Nxb3 (18... Rg8 19.
Qxh7+ Be7 20. Qxg8 Bxf6 21. Qf7+ (21. Nxe6 Nxb3 22. Rfd1 Nd2 23. Rac1 Nc6 24.
Qf7+ Be7 25. Rc2 Ne5 26. Nc5+ Kc7 27. Ne4+ Kb6 28. Nxd6 Nxf7 29. Nxf7 $18)
21... Qe7 22. Nxe6 $1 Nxe6 (22... Qxf7 23. Nxc5+ Kc6 24. Bxf7 $18) 23. Bxe6+
Kc7) 19. Nxb3 Rg8 20. Qf7+ Be7 21. Qxg8 Bxf6 {It might seem as black has been
able to consolidate a bit at a first glance, but in reality there are no more
than 3 moves to be played here.} 22. Rfd1 Bd5 23. Rac1 {/\ Rc8!, Qc8, Nc5 etc}
Bd8 24. Qf7+ Be7 25. Nc5+ (25. Nc5+ Kd8 26. Nxe6+ Kd7 27. Nf8+ Kd8 28. Rxd5 $18
) 1-0